Chord to Notes - Random - Statistics

General Stats
  • This quiz has been taken 12 times
  • The average score is 7 of 10
Answer Stats
Symbol Description Answer % Correct
A♭ Major Ab C Eb
100%
Amaj7 Major seventh A C# E G#
100%
B♭m7 Minor seventh Bb Db F Ab
100%
Badd9 Add nine B D# F# C#
100%
C#sus2 Suspended second C# D# G#
100%
C Major C E G
100%
C#m Minor C# E G#
100%
Daug Augmented D F# A#
100%
D6/9 Six-nine D F# A B E
100%
D7 Dominant seventh D F# A C
100%
Emmaj7 Minor major seventh E G B D#
100%
F# Major F# A# C#
100%
F#aug Augmented F# A# C##
100%
F#m7♭5 Half-diminished seventh F# A C E
100%
G#7 Dominant seventh G# B# D# F#
100%
Aadd9 Add nine A C# E B
75%
Am7♭5 Half-diminished seventh A C Eb G
67%
G7#5 Seventh augmented fifth G B D# F
67%
C13 Dominant thirteenth C E G Bb D F A
50%
Csus4 Suspended fourth C F G
50%
D♭add6 Add six Db F Ab Bb
50%
Dbm Minor Db Fb Ab
50%
Dmaj9 Major ninth D F# A C# E
50%
E♭dim Diminished Eb Gb Bbb
50%
Esus2 Suspended second E F# B
50%
Faug7 Augmented seventh F A C# Eb
50%
G♭dim7 Diminished seventh Gb A C Eb
33%
A♭9 Dominant ninth Ab C Eb Gb Bb
0%
Am Minor A C E
0%
A#11 Dominant eleventh A# C## E# G# B# D#
0%
Bmmaj7 Minor major seventh B D F# A#
0%
Cdim Diminished C Eb Gb
0%
Em Minor E G B
0%
E9 Major ninth E G# B D F#
0%
Em9 Minor ninth E G B D F#
0%
Fm13 Minor thirteenth F Ab C Eb G Bb D
0%
Fmaj7 Major seventh F A C E
0%
Gm7 Minor seventh G Bb D F
0%
G Major G B D
0%
Gsus4 Suspended fourth G C D
0%
No matching quizzes found
Score Distribution
Percent of People with Each Score
Percentile by Number Answered
Your Score History
You have not taken this quiz